000
00289nam a2200109Ia 4500
008
171205s9999 xx 000 0 und d
020
_a
9781138911550
100
_a
Lichtenstein, Peter M.
245
_a
Theories of International Economics
260
_b
Routledge
_c
2016
300
_a
318 pages
999
_c
347412
_d
347412